LEADER 01364nam a2200277 i 4500 001 000000052009 003 CaOOAMICUS 005 20220808141450.0 008 030319s1993 it u000 u ita u 013 $a23181 040 $aSeMil$bita 100 1 $aCorsato, Celestino.$0(OLS)http://semarc/name/25680 245 13$aLa Expositio Evangelii secundum Lucam di sant'Ambrogio :$bermeneutica, simbologia, fonti /$cCelestino Corsato. 264 1$aRoma :$bInstitutum Patristicum Augustinianum,$c1993. 300 $a305 p. ;$c24 cm. 490 0 $aStudia ephemeridis Augustinianum ;$v43 541 0 $aFondo Card. C.M. Martini. 650 4$aBibbia. Nuovo Testamento. Vangelo secondo Luca - Commentari, studi, critica, interpretazioni.$0(OLS)http://semarc/subject/142 650 4$aAmbrogio . Expositio Evangelii secundum Lucam.$0(OLS)http://semarc/subject/52724 830 0$aStudia ephemeridis Augustinianum ;$v43.$0(OLS)http://semarc/title/613 850 $aSeMil 852 $aSeMil$W1$xVenegono$y1$m2UA J 43$j233831$B242215$CSeMilBibl$Z2$F242215 $81 941 1 $a4 996 $6245$aLa Expositio Evangelii secundum Lucam di sant'Ambrogio :$bermeneutica, simbologia, fonti$9(OLS)http://semarc/title/79721 996 $6264$aRoma :$bInstitutum Patristicum Augustinianum$9(OLS)http://semarc/publisher/29850 LEADER 00865nam a2200205 i 4500 001 000000089967 003 CaOOAMICUS 005 20180830150050.0 008 180830s1935 xx u000 u und u 013 $a62209 040 $aSeMil$bita 245 10$aSeptuaginta. Volume I. Leges et historiae. 260 $aStuttgart :$bPrivilegierte Württembergische Bibelanstalt,$c1935. 300 $a1184 p. 650 4$aBibbia. Antico Testamento - Traduzioni greche - Settanta.$0(OLS)http://semarc/subject/16 700 1 $aRahlfs, Alfred.$0(OLS)http://semarc/name/814 850 $aSeMil 852 $aSeMil$W1$xVenegono$y1$m602 4 1 *$j53010$B53010$CSeMilBibl$Z2$F57568 $81 996 $6245$aSeptuaginta. Volume I. Leges et historiae$9(OLS)http://semarc/title/135934 996 $6260$aStuttgart :$bPrivilegierte Württembergische Bibelanstalt$9(OLS)http://semarc/publisher/55523